=LDR 00000nam 2200000 4500 =001 NUTBA000000000002375 =005 20140613104834.0 =006 =007 =008 =020 ##$$a 979-28-0198-9 =035 ##$$a 0010-061400000000318 =040 ##$$a NBPDMAT =082 ##$$a 793.31 =090 ##$$a 793.31 $b Ari a =100 ##$$a Ari Subekti =245 ##$$a Aneka tari anak-anak / $c Ari Subekti =260 ##$$a Klaten : $b Intan Pariwara, $c 2008 =300 ##$$a iv, 52 hlm. : $b ilus. ; $c 25 cm. =500 ##$$a Bibliografi : hlm. 52 =650 ##$$a Tarian Anak-Anak =850 ##$$a NBPDMAT =990 ##$$a 21402212